书目信息 |
| 题名: |
美国当代版画艺术
|
|
| 作者: | 罗伯特 ;张今洁 | |
| 分册: | ||
| 出版信息: | 长春 吉林美术出版社 1999 |
|
| 页数: | 284 | |
| 开本: | 29cm | |
| 丛书名: | ||
| 单 册: | ||
| 中图分类: | J237 | |
| 科图分类: | ||
| 主题词: | 绘画--世界 , 绘画--各国 | |
| 电子资源: | ||
| ISBN: | 7-5386-0895-8 | |
| 000 | 00597nam0 2200205 450 | |
| 001 | 0739037328 | |
| 005 | 20070817105037.32 | |
| 010 | @a7-5386-0895-8@b精装@d¥198.00 | |
| 100 | @a20070817d km y0chiy0120 ea | |
| 101 | 0 | @achi |
| 200 | 1 | @a美国当代版画艺术@Amei guo dang dai ban hua yi shu@f罗伯特@Fluo bo te@g张今洁@Gzhang jin jie |
| 210 | @a长春@c吉林美术出版社@d1999 | |
| 215 | @a284@d29cm | |
| 606 | 0 | @a绘画@x世界 |
| 606 | 0 | @a绘画@y各国 |
| 690 | @aJ237@v3 | |
| 701 | 0 | @a罗伯特@Aluo bo te |
| 702 | 0 | @a张今洁@Azhang jin jie |
| 801 | 0 | @aCN@bPFT@c20070817 |
| 905 | @a213230@dJ237@eM153@f1 | |
| 美国当代版画艺术/罗伯特/张今洁.-长春:吉林美术出版社,1999 |
| 284;29cm |
| ISBN 7-5386-0895-8(精装):¥198.00 |
| ● |
| 相关链接 |
|
|
|
|
正题名:美国当代版画艺术
索取号:J237/M153
 
预约/预借
| 序号 | 登录号 | 条形码 | 馆藏地/架位号 | 状态 | 备注 |
| 1 | 6400263 | 264002634 | 美术系资料室/ [索取号:J237/M153] | 在馆 |